Normal view MARC view

Entry Personal Name

Number of records used in: 1

001 - CONTROL NUMBER

  • control field: 1665

003 - CONTROL NUMBER IDENTIFIER

  • control field: DLC

005 - DATE AND TIME OF LATEST TRANSACTION

  • control field: 20200130123847.0

008 - FIXED-LENGTH DATA ELEMENTS

  • fixed length control field: 120201n| azannaabn |n aaa

010 ## - LIBRARY OF CONGRESS CONTROL NUMBER

  • LC control number: n 2012007338

040 ## - CATALOGING SOURCE

  • Original cataloging agency: DLC
  • Language of cataloging: eng
  • Transcribing agency: DLC
  • Description conventions: rda
  • Modifying agency: DLC

046 ## - SPECIAL CODED DATES

  • Birth date: 19450415

100 1# - HEADING--PERSONAL NAME

  • Personal name: Lee, Nancy,
  • Dates associated with a name: 1945-

670 ## - SOURCE DATA FOUND

  • Source citation: Good works, 2012:
  • Information found: ECIP t.p. (Nancy Lee) data view (Lee, Nancy R. b. Apr. 15, 1945)

670 ## - SOURCE DATA FOUND

  • Source citation: Social marketing, 2008:
  • Information found: eCIP t.p. (Nancy R. Lee)

Powered by Koha